000 00695nam a22002057a 4500
005 20251108165404.0
008 250721s9999 xx 000 0 ara d
082 1 4 _aم/922.175/رجب
100 1 _aإبن رجب، زين الدين أبو الفرج ...
245 1 0 _aكتاب الذيل على طبقات الحنابلة /
264 1 _aبيروت :
_bدار المعرفة،
_c[19-].
300 _a
500 _aطبقات الحنابلة
650 1 7 _aالفقهاء
650 1 7 _aالتراجم
650 1 7 _aالمذاهب الإسلامية
700 1 _aإبن أبي يعلى، أبو الحسين محمد بن محمد بن ...
942 _2ddc
_cREF
999 _c26742
_d26742